000 00460nam a22001337a 4500
005 20241017062518.0
008 241016b |||||||| |||| 00| 0 eng d
100 _aLim, Bruce.
_eauthor.
_962968
245 _aFish fry enters the fray :
_beast vs west /
_cBruce Lim.
260 _aPhilippines;
_bPhilippine Graphic Publishing Inc.,
_cJuly 2019.
300 _aVolume 20, pages 18-23,
_billustration.
700 _aLim, Bruce.
_eauthor.
_962969
942 _2ddc
_cPER
999 _c22574
_d22574